Normal view
MARC view
- Time-series analysis
Entry Topical Term
001 - CONTROL NUMBER
- control field: 88834
003 - CONTROL NUMBER IDENTIFIER
- control field: NUST
005 - DATE AND TIME OF LATEST TRANSACTION
- control field: 20220206142427.0
008 - FIXED-LENGTH DATA ELEMENTS
- fixed length control field: 220206|| aca||aabn | a|a d
040 ## - CATALOGING SOURCE
- Original cataloging agency: NUST
- Transcribing agency: NUST
150 ## - HEADING--TOPICAL TERM
- Topical term or geographic name entry element: Time-series analysis
670 ## - SOURCE DATA FOUND
- Source citation: Work cat.: (NUST)3591: Enders, Walter, 1948- 88831, Applied econometric time series /, 2008.
